[Event "?"]
[Site "JUG Ch Tivat"]
[Date "1994.??.??"]
[Round "?"]
[White "Matulovic, Milan"]
[Black "Miladinovic, Igor"]
[Result "0-1"]
[WhiteElo "2460"]
[BlackElo "2480"]

1. e4 c5 2. Nf3 e6 3. d4 cxd4 4. Nxd4 a6 5. Bd3 Bc5 6. Nb3 Be7 7. Qg4 Bf6
8. f4 d6 9. O-O Nc6 10. Nc3 h5 11. Qg3 h4 12. Qf2 h3 13. g4 Bxc3 14. bxc3
Qh4 15. g5 Nge7 16. c4 a5 17. Qg3 f6 18. Qxh4 Rxh4 19. gxf6 gxf6 20. Ba3
Nb4 21. Rf3 Bd7 22. Raf1 Kf7 23. Nd4 Rg8+ 24. Rg3 Rhg4 25. Bxb4 axb4 26.
Rxg4 Rxg4+ 27. Kh1 e5 28. fxe5 dxe5 29. Nf3 Ng6 30. Rb1 Bc6 31. Rxb4 f5 32.
c5 Kf6 33. Nd2 Rg2 34. Nf1 Nh4 35. Rb6 Nf3 36. exf5 Rg1# 0-1

[Event "?"]
[Site "Team Ch Extra League"]
[Date "2003.??.??"]
[Round "?"]
[White "Mikrut, Dariusz"]
[Black "Cyborowski, Lukasz"]
[Result "1/2-1/2"]
[WhiteElo "2390"]
[BlackElo "2550"]

1. e4 c5 2. Nf3 e6 3. d4 cxd4 4. Nxd4 a6 5. Bd3 Bc5 6. Nb3 Be7 7. O-O d6 8.
f4 Nd7 9. Qe2 Qc7 10. Nc3 Ngf6 11. Bd2 b5 12. a3 Bb7 13. Rae1 O-O 14. e5
dxe5 15. fxe5 Nd5 16. Qh5 g6 17. Qh6 Nc5 18. Nxd5 Bxd5 19. Nxc5 Bxc5+ 20.
Be3 Rfd8 21. Bxc5 Qxc5+ 22. Kh1 1/2-1/2

[Event "?"]
[Site "III Festival Olimpico ;The Wee"]
[Date "2005.??.??"]
[Round "4"]
[White "Munoz Sanchez, Miguel"]
[Black "Hellsten, Johan"]
[Result "0-1"]
[WhiteElo "2385"]
[BlackElo "2550"]

1. e4 c5 2. Nf3 e6 3. d4 cxd4 4. Nxd4 a6 5. Bd3 Bc5 6. Nb3 Be7 7. O-O d6 8.
Nc3 Qc7 9. Qe2 Nd7 10. f4 b5 11. a3 Bb7 12. Bd2 Ngf6 13. Rae1 e5 14. Nd1
Rc8 15. Na5 Ba8 16. c4 Nc5 17. cxb5 Nxd3 18. Qxd3 Qb6+ 19. Kh1 Qxb5 20.
Qxb5+ axb5 21. Nc3 O-O 22. fxe5 dxe5 23. Rf5 b4 24. axb4 Bxb4 25. Rxe5 Rfd8
26. Nb3 Rb8 27. Rb1 Bxc3 28. bxc3 Bxe4 29. Rb2 Bd5 30. c4 Bxc4 31. Re3 h6
0-1

[Event "?"]
[Site "KB Czech Open"]
[Date "2003.??.??"]
[Round "?"]
[White "Hasangatin, Ramil"]
[Black "Faibisovich, Vadim Z"]
[Result "1/2-1/2"]
[WhiteElo "2515"]
[BlackElo "2420"]

1. e4 c5 2. Nf3 e6 3. d4 cxd4 4. Nxd4 a6 5. Bd3 Bc5 6. Nb3 Be7 7. Qe2 d6 8.
f4 Nc6 9. Be3 Nf6 10. Nc3 Qc7 11. g4 b5 12. O-O-O Nb4 13. Kb1 Bb7 14. a3
Nxd3 15. cxd3 O-O 16. Rc1 Qd8 17. Rhg1 Nd7 18. Nd4 Bf6 19. g5 Bxd4 20. Bxd4
e5 21. Be3 exf4 22. Bxf4 Qe7 23. h4 Nc5 24. Qe3 1/2-1/2

[Event "?"]
[Site "TCh-SCG Men Budva SCG ;The Wee"]
[Date "2004.??.??"]
[Round "6"]
[White "Popovic, Petar"]
[Black "Zivanic, Marko"]
[Result "1-0"]
[WhiteElo "2500"]
[BlackElo "2435"]

1. e4 c5 2. Nf3 e6 3. d4 cxd4 4. Nxd4 a6 5. Bd3 Bc5 6. Nb3 Be7 7. Nc3 d6 8.
O-O Nf6 9. f4 Nc6 10. Qf3 Qc7 11. Be3 h5 12. h3 h4 13. Na4 Nd7 14. Qf2 b5
15. Nb6 Nxb6 16. Bxb6 Qb7 17. Na5 Nxa5 18. Bxa5 Bd7 19. Bc3 Bc6 20. Qe2
Qb6+ 21. Kh1 b4 22. Bd2 Qb7 23. a3 bxa3 24. Rxa3 d5 25. Rb3 Qd7 26. exd5
Qxd5 27. f5 e5 28. Bc4 Qd6 29. Bb4 Qc7 30. Bxe7 Kxe7 31. Rc3 Qd6 32. Rd1
Qf6 33. Bd5 Bb5 34. Qe3 Rad8 35. Rc7+ Bd7 36. Bc6 1-0

[Event "?"]
[Site "Open Strasbourg FRA"]
[Date "1991.??.??"]
[Round "?"]
[White "Prie, Eric"]
[Black "Avshalumov, Alex"]
[Result "1/2-1/2"]
[WhiteElo "2460"]
[BlackElo "2475"]

1. e4 c5 2. Nf3 e6 3. d4 cxd4 4. Nxd4 a6 5. Bd3 Bc5 6. Nb3 Bb6 7. Qe2 Ne7
8. Nc3 O-O 9. Be3 Nbc6 10. O-O-O d5 11. Bxb6 Qxb6 12. exd5 exd5 13. Rhe1
Be6 14. Na4 Qc7 15. Nac5 Nd8 16. Qe5 Rc8 17. f4 Qxe5 18. Rxe5 g6 1/2-1/2

[Event "?"]
[Site "CZE Team Ch"]
[Date "1993.??.??"]
[Round "?"]
[White "Velicka, Petr"]
[Black "Hracek, Zbynek"]
[Result "1/2-1/2"]
[WhiteElo "2420"]
[BlackElo "2510"]

1. e4 c5 2. Nf3 e6 3. d4 cxd4 4. Nxd4 Qb6 5. Nc3 Bc5 6. Be3 Nc6 7. Ncb5 Nf6
8. Nxc6 Bxe3 9. fxe3 Qxc6 10. Nd6+ Ke7 11. e5 Ne8 12. Bb5 Qc5 13. Nxc8+
Qxc8 14. O-O f6 15. Qd4 Qc7 16. Rad1 Rd8 17. Qb4+ Kf7 18. Rd3 a6 19. Ba4 b5
20. exf6 Nxf6 21. Bb3 d5 22. e4 Qb6+ 23. Qd4 Qxd4+ 24. Rxd4 Ke7 25. exd5 e5
26. Rb4 Rb8 27. a4 Kd6 28. axb5 axb5 29. c3 Kc5 30. Rd1 Rhd8 31. h3 Ra8 32.
Re1 Re8 33. Kf2 Rad8 34. Rd1 Re7 35. Ke2 Red7 1/2-1/2

[Event "?"]
[Site "Bundesliga GER"]
[Date "1999.??.??"]
[Round "?"]
[White "Unzicker, Wolfgang"]
[Black "Brenninkmeijer, Joris"]
[Result "0-1"]
[WhiteElo "2435"]
[BlackElo "2495"]

1. e4 c5 2. Nf3 e6 3. d4 cxd4 4. Nxd4 a6 5. Bd3 Bc5 6. Nb3 Be7 7. O-O d6 8.
Be3 Nf6 9. N1d2 Nbd7 10. c4 b6 11. a4 Nc5 12. Bc2 e5 13. f3 Nxb3 14. Nxb3
Be6 15. Bd3 a5 16. Nd2 Rc8 17. b3 Nd7 18. Nb1 Bg5 19. Bf2 h5 20. Nc3 h4 21.
Bc2 Nc5 22. Nb5 Rc6 23. Nc3 Rh6 24. Nd5 Bxd5 25. Qxd5 Rc8 26. Kh1 Bf4 27.
b4 axb4 28. Rab1 Qg5 29. Rxb4 Rg6 30. Rg1 Be3 31. Bxe3 Qxe3 32. h3 Qc3 33.
Rxb6 Qxc2 34. Rxd6 Rxd6 35. Qxd6 Nd3 36. a5 Qd2 37. Qa6 Rd8 38. Qc6+ Kf8
39. Ra1 Nf2+ 40. Kh2 Qf4+ 41. Kg1 Nxh3+ 0-1

[Event "?"]
[Site "Masters Open"]
[Date "2003.??.??"]
[Round "?"]
[White "Kokarev, Dmitry"]
[Black "Dragomarezkij, Evgeni"]
[Result "1-0"]
[WhiteElo "2480"]
[BlackElo "2450"]

1. e4 c5 2. Nf3 e6 3. d4 cxd4 4. Nxd4 a6 5. Bd3 Bc5 6. Nb3 Be7 7. O-O d6 8.
c4 Nf6 9. Nc3 Nbd7 10. f4 b6 11. Qe2 Bb7 12. Bd2 O-O 13. Rae1 Re8 14. Rf3
e5 15. f5 b5 16. cxb5 axb5 17. Bxb5 Nxe4 18. Nxe4 Bxe4 19. Qxe4 Qb6+ 20.
Nd4 Nf6 21. Qd3 Nd5 22. Bxe8 Rxe8 23. Qb5 1-0

[Event "?"]
[Site "Testa GMI Griesheim"]
[Date "2004.??.??"]
[Round "?"]
[White "Murdzia, Piotr"]
[Black "Ginsburg, Gennadij"]
[Result "1/2-1/2"]
[WhiteElo "2445"]
[BlackElo "2485"]

1. e4 c5 2. Nf3 e6 3. d4 cxd4 4. Nxd4 a6 5. Bd3 Bc5 6. Nb3 Be7 7. Be3 Nc6
8. f4 Nf6 9. N1d2 d6 10. Qe2 Qc7 11. O-O-O e5 12. Kb1 O-O 13. f5 d5 14. g4
d4 15. Bf2 Nd7 16. Rhg1 a5 17. g5 a4 18. Nc1 a3 19. g6 axb2 20. gxh7+ Kh8
21. Rxg7 bxc1=Q+ 22. Rxc1 Qb6+ 23. Nb3 Qa7 24. Na5 Qb6+ 25. Nb3 Qa7 26. Na5
Qb6+ 27. Nb3 Qa7 1/2-1/2

[Event "?"]
[Site "DSV-Turnier Leipzig"]
[Date "1980.??.??"]
[Round "?"]
[White "Luczak, Andrzej"]
[Black "Suetin, Alexei S"]
[Result "1/2-1/2"]
[WhiteElo "2430"]
[BlackElo "2500"]

1. e4 c5 2. Nf3 e6 3. d4 cxd4 4. Nxd4 a6 5. Bd3 Bc5 6. Nb3 Bb6 7. Qe2 Nc6
8. O-O d6 9. Be3 Nf6 10. N1d2 Bxe3 11. Qxe3 O-O 12. Rad1 Qc7 13. Qg3 e5 14.
c3 Be6 15. Qh4 Ne7 16. Qg3 Ng6 17. Rfe1 Rac8 18. Nf1 a5 19. Nc1 Nf4 20. Bb1
Rfd8 21. Ne3 Qc6 22. f3 b5 23. Nd3 N6h5 24. Qf2 Rb8 25. Qc2 Nxd3 26. Rxd3
Nf4 27. Rd2 Qb6 28. g3 Nh5 29. Kg2 Nf6 30. Nd5 Bxd5 31. exd5 g6 32. Qd3
Rdc8 33. Qe2 Qc5 34. Red1 b4 35. cxb4 Qxb4 36. Qe3 Kg7 37. Qd3 Rc5 38. Qe3
Qa4 39. Qe2 Rb6 40. Kg1 Qd7 41. b3 a4 42. bxa4 Qxa4 43. Bc2 Qa7 44. Kg2 Rc7
45. Bb3 Nd7 46. Rc2 Rxc2 47. Qxc2 Nc5 48. Bc4 Qa3 49. Rb1 Rxb1 50. Qxb1 Qc3
51. Qf1 f5 52. Qe2 Kf6 53. Bb5 Qd4 54. Bc4 Qc3 55. Bb5 g5 56. Bc4 h5 57.
Bb5 Qd4 58. Bc6 g4 59. fxg4 hxg4 60. h3 gxh3+ 61. Kxh3 Qg1 62. Qg2 Qe3 63.
Kh2 Ne4 64. Qh3 Qd2+ 65. Qg2 Qd3 66. Qh3 Kg7 67. Bd7 Qxd5 68. Qxf5 Qxa2+
69. Kh3 Nf6 70. Be6 Qd2 71. g4 Qe3+ 72. Kg2 Qe2+ 73. Kg3 Qe3+ 74. Kg2 Qe4+
75. Kg3 Qxf5 76. Bxf5 Kh6 77. Kh4 Nh7 78. Be4 Ng5 79. Bd5 Kg6 80. Bb7 Kf6
81. Kg3 e4 82. Kf4 Ne6+ 83. Ke3 1/2-1/2

[Event "?"]
[Site "ADCF Masters"]
[Date "2002.??.??"]
[Round "?"]
[White "Prasad, Devaki V"]
[Black "Poluljahov, Aleksandr"]
[Result "1/2-1/2"]
[WhiteElo "2420"]
[BlackElo "2510"]

1. e4 c5 2. Nf3 e6 3. d4 cxd4 4. Nxd4 a6 5. Bd3 Bc5 6. Nb3 Be7 7. c4 d6 8.
Nc3 b6 9. O-O Bb7 10. f4 Nd7 11. Qe2 Ngf6 12. Bd2 h5 13. Nd4 Qc7 14. b4 g6
15. Nf3 O-O 16. a3 Rfe8 17. Rac1 Bf8 18. h3 Bg7 19. Qf2 Rac8 20. Be3 Bc6
21. Ng5 Qb8 22. a4 Ba8 23. Bd4 e5 24. Be3 exf4 25. Qxf4 Ne5 26. Be2 a5 27.
bxa5 bxa5 28. Nb5 Re7 29. Rb1 Bb7 30. Bd4 Nh7 31. Nxh7 Kxh7 32. Kh1 Rd7 33.
Rfd1 Re8 34. Nc3 Qc8 35. Nd5 Bxd5 36. cxd5 Rc7 37. Bb5 Rf8 38. Bb6 1/2-1/2

[Event "?"]
[Site "Bundesliga GER"]
[Date "1997.??.??"]
[Round "?"]
[White "Heinatz, Thomas"]
[Black "Bischoff, Klaus"]
[Result "1/2-1/2"]
[WhiteElo "2380"]
[BlackElo "2550"]

1. e4 c5 2. Nf3 e6 3. d4 cxd4 4. Nxd4 a6 5. Bd3 Bc5 6. Nb3 Be7 7. O-O d6 8.
c4 Nf6 9. Nc3 O-O 10. Be3 b6 11. f4 Bb7 12. Qe2 Nbd7 13. Bf2 Qc7 14. Rae1
Rfd8 15. Bg3 Rac8 16. e5 Ne8 17. f5 Nxe5 18. fxe6 fxe6 19. Bxe5 dxe5 20.
Bxh7+ Kxh7 21. Qh5+ Kg8 22. Qf7+ Kh7 23. Qh5+ 1/2-1/2

[Event "?"]
[Site "TCh-HUN"]
[Date "2006.??.??"]
[Round "6"]
[White "Butunoi, Alexandru"]
[Black "Horvath, Ad1"]
[Result "1/2-1/2"]
[WhiteElo "2400"]
[BlackElo "2530"]

1. e4 c5 2. Nf3 e6 3. d4 cxd4 4. Nxd4 a6 5. Bd3 Bc5 6. Nb3 Be7 7. Qg4 g6 8.
Qe2 d6 9. O-O Nd7 10. Bd2 Qc7 11. Na3 h5 12. Nc4 Ngf6 13. Ne3 b6 14. Bc3
Bb7 15. Rae1 O-O 16. f3 Rfe8 17. Qf2 Bf8 18. g4 e5 19. g5 Nh7 20. h4 Bg7
21. Nd5 Bxd5 22. exd5 Nhf8 23. Nd2 Nc5 24. Ne4 Nfd7 25. Bb4 b5 26. Rd1 Rac8
27. b3 Qb6 28. Kg2 Qb8 29. Ra1 Nb6 30. Bxc5 dxc5 31. c4 Nd7 32. Qe2 Kh8 33.
Rfd1 Rcd8 1/2-1/2

[Event "?"]
[Site "TCh-HUN"]
[Date "2005.??.??"]
[Round "2"]
[White "Gara, Anita"]
[Black "Horvath, Csaba"]
[Result "1/2-1/2"]
[WhiteElo "2365"]
[BlackElo "2565"]

1. e4 c5 2. Nf3 e6 3. d4 cxd4 4. Nxd4 a6 5. Bd3 Bc5 6. Nb3 Be7 7. Qg4 g6 8.
Qe2 d6 9. O-O Nd7 10. Na3 b6 11. Nc4 Bb7 12. Bf4 Qc7 13. a4 Ngf6 14. Bh6
Bf8 15. Bf4 Be7 16. Bh6 d5 17. exd5 Nxd5 18. g3 N5f6 19. Nd4 Nc5 20. Rfe1
Rd8 21. c3 Nxd3 22. Qxd3 Ba8 23. Ne5 Qb7 24. f3 Rd5 25. b4 Rxe5 26. Rxe5
Ng4 27. Bg7 Nxe5 28. Bxe5 f6 29. Bf4 e5 30. Re1 exf4 31. Qc4 fxg3 32. hxg3
Rf8 33. Ne6 Rf7 34. Re3 b5 35. axb5 axb5 36. Qc7 Qxc7 37. Nxc7+ Kd7 38.
Nxa8 Bd6 39. Nb6+ Kc7 40. Re6 Bxg3 41. Nd5+ Kb8 42. Rb6+ Rb7 1/2-1/2

[Event "?"]
[Site "Lost Boys Open"]
[Date "2000.??.??"]
[Round "?"]
[White "Berkvens, Joost"]
[Black "Epishin, Vladimir V"]
[Result "0-1"]
[WhiteElo "2360"]
[BlackElo "2565"]

1. e4 c5 2. Nf3 e6 3. d4 cxd4 4. Nxd4 a6 5. Bd3 Bc5 6. Nb3 Be7 7. O-O d6 8.
Qg4 g6 9. Qe2 Nd7 10. c4 Ngf6 11. f4 e5 12. f5 gxf5 13. Rxf5 Nc5 14. Rf1
Nxd3 15. Qxd3 b5 16. Nc3 bxc4 17. Qxc4 Rg8 18. Rxf6 Bxf6 19. Nd5 Kf8 20.
Qc6 Rb8 21. Bh6+ Bg7 22. Bg5 f6 23. Be3 Bb7 24. Qc4 Rc8 25. Qd3 Bh8 26. Nb6
Rb8 27. Rd1 Rg4 28. Nc5 Bxe4 29. Qc4 Bf5 30. Qf1 Bc8 31. Nxc8 Qxc8 32. Rxd6
Rxb2 33. Qd3 Rgxg2+ 34. Kf1 Rgc2 35. Rd8+ Kf7 36. Qd5+ Kg6 37. Rg8+ Bg7 38.
Qd3+ Qf5+ 0-1

[Event "?"]
[Site "Open Reykjavik ISL"]
[Date "2002.??.??"]
[Round "?"]
[White "Kristjansson, Stefan"]
[Black "Brodsky, Michail"]
[Result "1/2-1/2"]
[WhiteElo "2385"]
[BlackElo "2540"]

1. e4 c5 2. Nf3 e6 3. d4 cxd4 4. Nxd4 a6 5. Bd3 Bc5 6. Nb3 Be7 7. c4 d6 8.
Nc3 Nf6 9. O-O Nbd7 10. Be3 b6 11. a4 Nc5 12. a5 Nfd7 13. axb6 Qxb6 14.
Nxc5 dxc5 15. f4 Bb7 16. Qc2 O-O 17. e5 g6 18. Rfd1 Rfd8 19. Be4 Rab8 20.
Rd2 f5 21. Bxb7 Qxb7 22. Rad1 Qc8 23. Rd3 Nb6 24. b3 Rxd3 25. Rxd3 Qc6
1/2-1/2

[Event "?"]
[Site "Autriche (championnat equipes)"]
[Date "2004.??.??"]
[Round "?"]
[White "Naumann, Alexander"]
[Black "Lehner, Oliver"]
[Result "1/2-1/2"]
[WhiteElo "2525"]
[BlackElo "2400"]

1. e4 c5 2. Nf3 e6 3. d4 cxd4 4. Nxd4 a6 5. Bd3 Bc5 6. Nb3 Be7 7. O-O d6 8.
Nc3 Nf6 9. f4 Nbd7 10. Qf3 Qc7 11. Bd2 b6 12. Rae1 Bb7 13. Qg3 g6 14. Qh3
h5 15. Nd1 O-O-O 16. Nf2 Kb8 17. Qf3 e5 18. Qe2 Qc8 19. a4 exf4 20. Bxf4
Ne5 21. Nd2 Nfd7 22. Nc4 f6 23. Rd1 Qc6 24. b4 g5 25. b5 axb5 26. axb5 Qc7
27. Bd2 d5 28. exd5 Bxd5 29. Ne3 1/2-1/2

[Event "?"]
[Site "FS04 GM Budapest HUN"]
[Date "1997.??.??"]
[Round "?"]
[White "Cao, Sang"]
[Black "Agrest, Evgenij"]
[Result "1/2-1/2"]
[WhiteElo "2465"]
[BlackElo "2460"]

1. e4 c5 2. Nf3 e6 3. d4 cxd4 4. Nxd4 a6 5. Bd3 Bc5 6. Nb3 Be7 7. c4 d6 8.
Nc3 Nf6 9. Be3 O-O 10. O-O b6 11. f3 Bb7 12. Qd2 Qc7 13. Qf2 Nbd7 14. Rfd1
Rac8 15. Bf1 Rfe8 16. Rac1 Bf8 17. Kh1 g6 18. Nd4 Qb8 19. Nc2 Ne5 20. Bd4
Nfd7 21. b3 Ba8 22. Nb4 Nc5 23. Be3 Bb7 24. Nc2 Ba8 25. Nd4 Ncd7 26. Qd2
Nf6 27. Nc2 Nfd7 28. Nd4 Nf6 29. Bg5 Ned7 30. Nc2 Bb7 31. Nd4 Be7 32. Be3
Ne5 33. Qf2 Ba8 34. Be2 Ned7 35. Bf1 Ne5 36. Be2 Ned7 37. Bf1 Ne5 38. Be2
1/2-1/2

[Event "?"]
[Site "Heart of Finland Open"]
[Date "1997.??.??"]
[Round "?"]
[White "Rytshagov, Mikhail"]
[Black "Yrjola, Jouni"]
[Result "1/2-1/2"]
[WhiteElo "2485"]
[BlackElo "2435"]

1. e4 c5 2. Nf3 e6 3. d4 cxd4 4. Nxd4 Qb6 5. Nc3 Bc5 6. Na4 Qa5+ 7. c3 Bxd4
8. Qxd4 Nf6 9. Nc5 Nc6 10. Qe3 O-O 11. Be2 d5 12. Nb3 Qa4 13. exd5 exd5 14.
Qf4 Qe4 15. f3 Qe7 16. Kf2 Re8 17. Re1 Nd7 18. Be3 Nde5 19. Rad1 Be6 20.
Bc5 Qc7 21. Qg3 f6 22. Be3 Rac8 23. Nd4 Nxd4 24. Bxd4 a6 25. Bf1 Bf7 26.
Re3 Qc6 27. b3 Ng6 28. Rxe8+ Rxe8 29. Kg1 Ne7 30. Re1 Nf5 31. Rxe8+ Qxe8
32. Qf2 Nxd4 1/2-1/2

[Event "?"]
[Site "FSGM August, Budapest HUN"]
[Date "2006.??.??"]
[Round "7"]
[White "Nemeth, Mi1"]
[Black "Braun, Arik"]
[Result "1-0"]
[WhiteElo "2395"]
[BlackElo "2525"]

1. e4 c5 2. Nf3 e6 3. d4 cxd4 4. Nxd4 a6 5. Bd3 Bc5 6. Nb3 Be7 7. c4 d6 8.
Nc3 Bf6 9. O-O Ne7 10. Be3 b6 11. Qd2 Bb7 12. Rfd1 Nbc6 13. f4 Nc8 14. Rac1
Rb8 15. Qe2 Bxc3 16. Rxc3 Qc7 17. Qh5 N8e7 18. Nd4 Qd7 19. Nf3 Ba8 20. Bb1
h6 21. Ne5 Nxe5 22. fxe5 d5 23. exd5 exd5 24. e6 Qxe6 25. Bf4 d4 26. Rcc1
O-O 27. Re1 Qd7 28. Bxb8 Rxb8 29. Rcd1 Rd8 30. Rf1 f6 31. Rd2 Qd6 32. Re1
Kf8 33. Rde2 Rd7 34. Bf5 Qc5 35. Re5 Qc6 36. Be4 Qc8 37. Re6 Bxe4 38. R6xe4
Qxc4 39. Qh3 Qb5 40. Qe6 d3 41. Rc1 Ra7 42. Rd4 Ra8 43. Rc7 Re8 44. Rd8 a5
45. Qxe7+ 1-0

[Event "?"]
[Site "BL2-Ost9900 GER"]
[Date "2000.??.??"]
[Round "?"]
[White "Womacka, Mathias"]
[Black "Prusikhin, Mihailo"]
[Result "1/2-1/2"]
[WhiteElo "2480"]
[BlackElo "2440"]

1. e4 c5 2. Nf3 e6 3. d4 cxd4 4. Nxd4 Qb6 5. Nc3 Bc5 6. Na4 Qa5+ 7. c3 Bxd4
8. Qxd4 Nf6 9. Nc5 Nc6 10. Qd6 b6 11. Nb3 Nxe4 12. Qxc6 dxc6 13. Nxa5 bxa5
14. Be3 e5 15. O-O-O Be6 16. Ba6 Rb8 17. Bd3 Nf6 18. Bxa7 Ra8 19. Bc5 Bxa2
20. Rhe1 Be6 21. Bd6 e4 22. Bxe4 Nxe4 23. Rxe4 Kd7 24. Be5+ Ke7 25. Bxg7
Rhg8 26. Be5 Rxg2 27. Bg3 Kf6 28. Rde1 a4 29. Kd2 a3 30. bxa3 Rxa3 31. Rc1
h5 32. Ke3 Bg4 33. Rc4 Ra6 34. Rc5 Kg6 35. h4 f6 36. Rc4 Be6 37. Rd4 c5 38.
Rd3 Bg4 39. Rd6 Rxd6 40. Bxd6 c4 41. Bg3 Kf7 42. Ra1 Kg6 43. Kd4 Be6 44.
Ke4 Bg4 45. Re1 Be6 46. Ra1 Bg4 47. Ra4 Be6 48. Ra6 Kf7 49. Ra7+ Kg6 50.
Ra6 Kf7 51. Ra1 Bg4 52. Kd4 Be6 53. Re1 Ke7 54. Kc5 f5 55. Kd4 f4 56. Bxf4
1/2-1/2

[Event "?"]
[Site "op-A Polanica Zdroj POL"]
[Date "2000.??.??"]
[Round "?"]
[White "Mamedov, Nidjat"]
[Black "Kveinys, Aloyzas"]
[Result "0-1"]
[WhiteElo "2400"]
[BlackElo "2520"]

1. e4 c5 2. Nf3 e6 3. d4 cxd4 4. Nxd4 a6 5. Bd3 Bc5 6. Nb3 Be7 7. O-O d6 8.
Be3 Nf6 9. Nc3 Nbd7 10. a4 b6 11. f4 Bb7 12. Qf3 Qc7 13. Rae1 O-O 14. Qh3
e5 15. Kh1 Rfe8 16. Bc1 Bf8 17. f5 h6 18. Qf3 Bc6 19. Rd1 Qb7 20. Rfe1 Rad8
21. Bc4 Nc5 22. Nxc5 dxc5 23. Bd5 Bxd5 24. Nxd5 Nxd5 25. exd5 c4 26. Qe4 b5
27. axb5 axb5 28. Be3 Rd7 29. Rd2 Qc7 30. c3 Bc5 31. f6 Bxe3 32. Qxe3 Qd8
33. fxg7 Qg5 34. Qxg5 hxg5 35. g4 Kxg7 36. d6 f6 37. Rd5 Rb8 38. Red1 Kf7
39. Rc5 Ke6 40. Rc6 Rbd8 41. Rb6 Rxd6 42. Rdxd6+ Rxd6 43. Rxb5 Rd2 44. Kg1
e4 45. h3 Rd5 46. Rb6+ Ke5 47. Kf2 Rd2+ 48. Kg3 Rd3+ 49. Kg2 f5 50. gxf5
Kxf5 51. Rc6 Kf4 52. Rxc4 Rd2+ 53. Kf1 Kf3 54. Ke1 Rh2 0-1

[Event "?"]
[Site "Sparkasse Open"]
[Date "1998.??.??"]
[Round "?"]
[White "Feygin, Michail"]
[Black "Kekelidze, Mikheil"]
[Result "1-0"]
[WhiteElo "2515"]
[BlackElo "2405"]

1. e4 c5 2. Nf3 e6 3. d4 cxd4 4. Nxd4 a6 5. Bd3 Bc5 6. Nb3 Bb6 7. O-O Nc6
8. Qg4 Kf8 9. Bg5 Nge7 10. Nc3 f6 11. Bd2 d6 12. Rad1 Bd7 13. Kh1 Nd4 14.
f4 Rc8 15. Qg3 Kf7 16. e5 d5 17. Nxd4 Bxd4 18. Ne2 Ba7 19. f5 Nxf5 20. Bxf5
exf5 21. exf6 Qxf6 22. Bc3 Qh6 23. Rxd5 Bb8 24. Qxg7+ Qxg7 25. Rxd7+ 1-0

[Event "?"]
[Site "Primavara Bucharest ROM"]
[Date "1998.??.??"]
[Round "?"]
[White "Iordachescu, Viorel"]
[Black "Vajda, Albert 1"]
[Result "1/2-1/2"]
[WhiteElo "2520"]
[BlackElo "2400"]

1. e4 c5 2. Nf3 e6 3. d4 cxd4 4. Nxd4 Qb6 5. Nc3 Bc5 6. Na4 Qa5+ 7. c3 Bxd4
8. Qxd4 Nf6 9. Nc5 O-O 10. Be2 Nc6 11. Qe3 d5 12. O-O Qb6 13. f3 e5 14.
exd5 Nxd5 15. Qf2 Nf4 16. Bxf4 exf4 17. Bd3 Ne5 18. Rfe1 Qc7 19. Qd4 f6 20.
Rad1 b6 21. Be4 Rb8 22. Qd5+ Kh8 23. Ne6 Bxe6 24. Qxe6 Qc5+ 25. Kh1 Qf2 26.
Qf5 g6 27. Qxf4 Qxb2 28. Qh4 Kg7 29. f4 Nf7 30. Rd7 Rbd8 31. Rxa7 Qxc3 32.
Bf3 Rd4 33. Qg3 Rxf4 34. Bd5 Qd2 35. h3 Rd4 36. Bb3 Rd7 37. Re7 Rxa7 38.
Rxa7 Qc1+ 39. Kh2 Qc5 40. Rb7 g5 41. Qd3 f5 42. Bd5 Qd6+ 43. Kh1 Qe5 44.
Qd1 Qe3 45. Qa1+ Kg6 46. Qb1 Nd6 47. Rxb6 Rf6 48. Bf3 Ne4 1/2-1/2

[Event "?"]
[Site "Minsk BLR"]
[Date "1993.??.??"]
[Round "?"]
[White "Kruppa, Yuri"]
[Black "Mochalov, Evgeny V"]
[Result "1-0"]
[WhiteElo "2475"]
[BlackElo "2445"]

1. e4 c5 2. Nf3 e6 3. d4 cxd4 4. Nxd4 Qb6 5. Nb5 Bc5 6. Qf3 a6 7. N5c3 Nc6
8. Bd3 Nf6 9. O-O Qc7 10. Bf4 Bd6 11. Bxd6 Qxd6 12. Nd2 Qc7 13. Rae1 O-O
14. Qh3 Qf4 15. g3 Qxd2 16. Re3 Ne5 17. Rd1 Qxe3 18. fxe3 b5 19. Rf1 Nfg4
20. Nd1 f6 21. Be2 Nh6 22. g4 Nhf7 23. Qg3 Bb7 24. Nf2 Rac8 25. c3 Ng5 26.
h4 Nxe4 27. Nxe4 Bxe4 28. g5 Kh8 29. Kh2 d6 30. gxf6 Rxf6 31. Rxf6 gxf6 32.
Qf4 f5 33. Qh6 Re8 34. Qf6+ Kg8 35. h5 Nd7 36. Qg5+ Kf8 37. h6 Re7 38. a4
bxa4 39. Bxa6 Bc6 40. Bc8 Ne5 41. Qf6+ Ke8 42. Qh8+ Kf7 43. Qg7+ 1-0

[Event "?"]
[Site "It, Dnepropetrovsk UKR"]
[Date "2005.??.??"]
[Round "6"]
[White "Kholmov, Ratmir D"]
[Black "Rogovski, Vladimir"]
[Result "1-0"]
[WhiteElo "2420"]
[BlackElo "2500"]

1. e4 c5 2. Nf3 e6 3. d4 cxd4 4. Nxd4 a6 5. Bd3 Bc5 6. Nb3 Be7 7. O-O d6 8.
Be3 Nf6 9. N1d2 O-O 10. a4 Nbd7 11. c4 Ne5 12. Be2 Ng6 13. a5 e5 14. Nc1
Bd7 15. g3 Bh3 16. Re1 Nd7 17. Bg4 Bxg4 18. Qxg4 Rc8 19. Nd3 Bf6 20. b4 Ne7
21. Rec1 g6 22. Bh6 Bg7 23. Bxg7 Kxg7 24. Nb3 f5 25. exf5 Rxf5 26. Qe4 Qc7
27. f4 Qc6 28. Qe2 Re8 29. g4 Rf6 30. fxe5 dxe5 31. Nbc5 Nxc5 32. Nxc5 Nc8
33. Rf1 Rf4 34. Rae1 Nd6 35. Ne6+ Kg8 36. Nxf4 exf4 37. Qd3 Rxe1 38. Rxe1
Nxc4 39. Qd8+ Kg7 40. Re7+ Kh6 41. Rc7 1-0

[Event "?"]
[Site "First Saturday GMI (fevrier)"]
[Date "2004.??.??"]
[Round "?"]
[White "Antal, Gergely"]
[Black "Papp, Gabor"]
[Result "1-0"]
[WhiteElo "2495"]
[BlackElo "2420"]

1. e4 c5 2. Nf3 e6 3. d4 cxd4 4. Nxd4 Qb6 5. Nc3 Bc5 6. Na4 Qa5+ 7. c3 Bxd4
8. Qxd4 Nf6 9. Nc5 Nc6 10. Qe3 b6 11. Nd3 O-O 12. Be2 Ne5 13. O-O Nxd3 14.
Bxd3 Bb7 15. Qe2 d6 16. a4 Qc5 17. Bd2 Qc7 18. c4 e5 19. a5 Nd7 20. b4 bxa5
21. Rxa5 a6 22. f3 Nb8 23. b5 Nd7 24. Rfa1 Nc5 25. Bc2 axb5 26. cxb5 Ne6
27. Rxa8 Rxa8 28. Rxa8+ Bxa8 29. Be3 Nd4 30. Bxd4 exd4 31. Qd3 Qc5 32. Bb3
d5 33. Qc2 Qc3 34. Qxc3 dxc3 35. exd5 Bxd5 36. b6 Kf8 37. Kf2 Ke7 38. Ke3
Bb7 39. Kd3 Kd6 40. Kxc3 Kc5 41. Bxf7 Kxb6 42. Kd4 Kc7 43. Ke5 Kd7 44. Bg8
h6 45. Kf5 Ke7 46. Kg6 Kf8 47. Bc4 Bc6 48. Kh7 Bb7 49. h4 Bc6 50. Bb3 Bb7
51. Bc2 Bd5 52. Be4 Bg8+ 53. Kh8 Bc4 54. g4 Kf7 55. g5 hxg5 56. hxg5 Be2
57. f4 Bc4 58. f5 Bb3 59. f6 gxf6 60. g6+ 1-0

[Event "?"]
[Site "Heart of Finland Open"]
[Date "2001.??.??"]
[Round "?"]
[White "Agopov, Mikael"]
[Black "Kveinys, Aloyzas"]
[Result "1/2-1/2"]
[WhiteElo "2380"]
[BlackElo "2535"]

1. e4 c5 2. Nf3 e6 3. d4 cxd4 4. Nxd4 a6 5. Bd3 Bc5 6. Nb3 Be7 7. O-O d6 8.
Qg4 g6 9. Qe2 Nd7 10. c4 Qc7 11. Nc3 b6 12. Be3 Bb7 13. Rac1 Ngf6 14. Bh6
Ne5 15. h3 Nfd7 16. Nd2 g5 17. f4 gxf4 18. Bxf4 h5 19. Nf3 h4 20. Kh1 Bf6
21. Bb1 Ke7 22. Qf2 Rag8 23. Nxe5 Bxe5 24. Be3 f6 25. Na4 Nc5 26. Nxc5 dxc5
27. b4 Rg3 28. bxc5 Rxe3 29. Qxe3 bxc5 30. Rcd1 Rh5 31. Bc2 Rg5 32. Ba4 Bc8
33. Qf2 Rg3 34. Qe2 Rg5 35. Qf2 Rg3 36. Qe2 1/2-1/2

[Event "?"]
[Site "Rilton Cup Stockholm SWE"]
[Date "2003.??.??"]
[Round "?"]
[White "Ernst, Thomas"]
[Black "Cramling, Pia"]
[Result "1/2-1/2"]
[WhiteElo "2445"]
[BlackElo "2470"]

1. e4 c5 2. Nf3 e6 3. d4 cxd4 4. Nxd4 a6 5. Bd3 Bc5 6. Nb3 Be7 7. O-O d6 8.
Qg4 g6 9. Qe2 Nd7 10. c4 Qc7 11. Nc3 b6 12. f4 Ngf6 13. Be3 Bb7 14. Rae1 h5
15. Bd4 Nc5 16. e5 Nxb3 17. axb3 dxe5 18. Bxe5 Qc5+ 19. Kh1 O-O 20. f5 exf5
21. Bxf5 Rae8 22. Bxf6 Bxf6 23. Qxe8 Bxc3 24. bxc3 Rxe8 25. Rxe8+ Kg7 26.
Be4 Qe3 27. Rxf7+ Kh6 28. Rh8+ Kg5 29. h4+ Kxh4 30. Bxb7 Qe1+ 31. Kh2 Qe5+
32. g3+ Qxg3+ 33. Kh1 Qe1+ 34. Kg2 Qg3+ 35. Kh1 Qe1+ 36. Kg2 Qg3+ 1/2-1/2

[Event "?"]
[Site "Grande-(championnat)"]
[Date "2003.??.??"]
[Round "?"]
[White "Collins, Sam IRL"]
[Black "Rowson, Jonathan"]
[Result "0-1"]
[WhiteElo "2380"]
[BlackElo "2535"]

1. e4 c5 2. Nf3 e6 3. d4 cxd4 4. Nxd4 a6 5. Bd3 Bc5 6. Nb3 Be7 7. O-O d6 8.
Nc3 Nd7 9. a4 b6 10. f4 Bb7 11. Qe2 Bf6 12. Bd2 Ne7 13. Rae1 Qc7 14. Kh1
Nc6 15. e5 dxe5 16. f5 exf5 17. Bxf5 Ne7 18. Be4 O-O 19. Bxb7 Qxb7 20. Ne4
Ng6 21. Rf3 Be7 22. Ref1 Rac8 23. Rh3 f5 24. Ng5 Bxg5 25. Bxg5 Rf7 26. c3
Ndf8 27. Be3 f4 28. Bc1 Re8 29. Nd4 h6 30. b3 Ne6 31. Nxe6 Rxe6 32. Rd3 Kh7
33. c4 e4 34. Rd5 Ne7 35. Rd4 Nc6 36. Rd5 Qc7 37. h4 Ne7 38. Rd4 Nf5 0-1